00671 2200193 4500001002100000005001500021035002000036007000300056008003900059082001600098084002200114100001800136245017200154260004100326300004100367650001100408650004500419022001300464INLIS00000000000119620250211090614 a0010-0225000034ta250211 | | |  a632.3-635.2 a632.3-635.2 KIM d0 aKim, So-Jeong1 aDevelopment of Molecular Markers Associated with Resistance to Gray Mold Disease in Onion (Allium cepa L.) through RAPD-PCR and Transcriptome Analysis /cKim, So-Jeong aSwitzerland, Basel :bMDPI AG,c2021 a1-21 hlm, :bIlus ;c21 cm x 29,7 cm 4aJurnal 4aPenyakit Jamur Abu-Abu pada Bawang Merah a23117524